A comparative syntactic analysis of Malay and Tagalog : a minimalist approach /
Saved in:
| Main Author: | |
|---|---|
| Format: | Thesis Book |
| Language: | English |
| Published: |
2008.
|
| Subjects: | |
| Tags: |
Add Tag
No Tags, Be the first to tag this record!
|
| LEADER | 01096cam a2200265 a 4500 | ||
|---|---|---|---|
| 001 | u793339 | ||
| 003 | SIRSI | ||
| 005 | 201006161545 | ||
| 008 | 100616s2008 my a t 000 0 eng m | ||
| 040 | |a UMM | ||
| 090 | |a PL5065 |b UMP 2008 Man | ||
| 100 | 1 | |a Manueli, Maria Khristina S. | |
| 245 | 1 | 2 | |a A comparative syntactic analysis of Malay and Tagalog : |b a minimalist approach / |c by Maria Khristina S. Manueli. |
| 260 | |c 2008. | ||
| 300 | |a xv, 232 leaves : |b ill. ; |c 30 cm. | ||
| 502 | |a Thesis (Ph.D) -- Jabatan Linguistik Melayu, Akademi Pengajian Melayu, Universiti Malaya, 2008. | ||
| 504 | |a Bibliography: leaves 200-214. | ||
| 650 | 0 | |a Tagalog language |x Syntax. | |
| 650 | 0 | |a Malay language |x Syntax. | |
| 650 | 0 | |a Minimalist theory (Linguistics) | |
| 710 | 2 | 0 | |a Universiti Malaya. |b Jabatan Linguistik Melayu. |
| 900 | |a HA-ZA | ||
| 596 | |a 1 23 | ||
| 999 | |a PL5065 UMP 2008 MAN |w LC |c 1 |i A514398569 |d 4/10/2013 |e 4/10/2013 |f 10/1/2011 |g 1 |l STACKS |m P01UTAMA |n 1 |r Y |s Y |t TESIS |u 5/1/2011 | ||
| 999 | |a PL5065 UMP 2008 MAN |w LC |c 1 |i A515086315 |d 7/5/2012 |f 7/5/2012 |g 1 |l STACKS |m P23MELAYU |r Y |s Y |t TESIS |u 26/4/2012 | ||
